000 00619nam a2200229Ia 4500
003 OSt
005 20221005050150.0
006 a|||||r|||| 00| 0
007 ta
008 221004b |||||||| |||| 00| 0 ben d
024 _a19906
037 _bGift, 26/06/2015,
_cTextual
040 _aCRL
_cCRL
_bben
041 _2ben
_aben
082 _aO157,3:g, P3
100 _aChakraborty Sumita
_9206077
245 0 _aUpanyasasa barnamala
260 _aKolktat
_c2003
650 _aBENGALI LITERATURE
942 _hO157,3:g, P3
_cTEXL
_2cc
999 _c956448
_d956448